01158cam a2200313Ia 45000010008000000030009000080050017000170080041000340200015000750400033000900820021001231000051001442450053001952600056002483000039003045050386003435260010007295260010007395260010007495260010007595260008007695260008007775260008007855260008007935260008008015260008008095260008008176500019008255878965PE-LiUPU20250731173556.0800116s1970 cau 000 0 eng d a0942039023 aPE-LiUPUcPE-LiUPUbspaerda 223a248.4bT892g1 aTucker, J. L.q(Julius Lafayette),d1895-1989.10aGod's great questions to man /cpor J.L. Tucker. aRedlands, Calif.,bThe Quiet Hour Library,c[197-?] a126 páginas ;c16 centímetros. aWhere art thou? -- Where i thy brother? -- What doest thou here? -- What is that in thine hand? -- What more could I do? -- What think ye of Christ? -- The unanwerble question -- What have they seen in thine house? -- I will work, and who can hinder? -- What is your life? -- Where is thy folck? -- Why transgress the commandments of God? -- Gaining the world and losing your soul. aSEG42 aSEG41 aSEG40 aSEG39 aP94 aP87 aP86 aP85 aP77 aP76 aP35 0aVida cristiana